000 00751nam a2200217 a 4500
001 000022128
005 20250307114820.0
008 100917s1988 dr 000 0 spa d
040 _aDO-SdBNP
_bspa
_cBNPHU
082 _axxx
_bG216e
100 1 _aGarcía Michel, Eduardo
_99281
245 1 0 _aEconomía en tensión /
_cEduardo García Michel ; presentación Bernardo Vega.
260 _aSanto Domingo :
_bCEMYB,
_c1988.
300 _a317 p. :
_bil. ;
_c21 cm.
490 1 _aEstudios ;
500 _aIncluye notas al pie de páginas
590 _aInventariado, 2019/ YL
700 1 2 _aVega, Bernardo,
_d1938 -
_epres.
_93222
710 2 _aCentro de Estudios Monetarios y Bancarios (Santo Domingo, República Dominica)
_96023
830 0 _aEstudios
_93854
999 _c21626
_d21626